000 00313nam a2200109Ia 4500
008 171211s9999 xx 000 0 und d
245 _aWrong Sex, Wrong Instrument
245 _cChristopher Morley and Maggie Cotton
260 _c2011
650 _xmusic
856 _uhttp://down.ebook777.com/063/9781785384844.pdf
999 _c348616
_d348616